MDQL
is popping MORE tags! Check the
thread
!
Quizzes
Events
Quiz Creation
Community
Videos
Private Events
Remove Ads
Sign In
Join for FREE
Feedback
Dark Mode
Quiz Categories
Sports
Geography
Music
Movies
Television
Just For Fun
Miscellaneous
History
Literature
Language
Science
Gaming
Entertainment
Religion
Holiday
For Kids
Quiz Lab
Recent
Popular Today
Quiz Kudos Today
Editor Picks
Curator Picks
Quizzes by...
Day
Popularity
Type
Ratings
Length
Year
Community
Subscriptions
Recent Discussions
Orange Saloon
Badges
Playlists
Quests
Create
Leaderboards
Showdown
Live 5
Trivia Bingo
Activity
Puzzle Library
Sporcle Events
Private Events
Virtual Trivia
Globe League
Become a Host
Pub Owners
SporcleCon
Opinionation
Our Games
Videos
Blog
Mobile Apps
Partnerships
Remove Ads and Go Orange
Feedback
Miscellaneous
Crossword
General Knowledge
Baby Names
Logo
Food
Cars
Numbers
Grab Bag
University
College
Popular
Company
Slogans
Restaurants
Justice
Letter
Miscellaneous
Crossword
General Knowledge
Baby Names
Logo
Food
Cars
Numbers
Grab Bag
University
College
Popular
Company
Slogans
Restaurants
Justice
Letter
Random Quiz
Search Sporcle
×
Quiz Lab
Quiz Lab
Miscellaneous
Country
Type in answers that appear in a list
Type in answers that appear in a list
Classic
Best Score? Go Orange.
Car companies by country Stats
Can you name the Country the manufacturer was started in?
By
aust
7m
69 Questions
7,570 Plays
7,570 Plays
7,570 Plays
Comments
Comments
Give Quiz Kudos
Give Quiz Kudos
-
- Ratings
hide this ad
Forced Order
Answers have to be entered in order
Answers have to be entered in order
Random Order
Randomize order of answers
Randomize order of answers
Replay
Link that replays current quiz
Next Quiz
Link to next quiz in quiz playlist
You Got
0%
They Got
Avg Score
70%
Avg Friend Score
Upgrade to see
Score Distribution
Jump to the score distribution portion of the page
Score
0/69
Timer
07:00
2
Plays Today
Car Manufacturer
Country
% Correct
Toyota
Japan
84.2%
Volkswagen
Germany
83.9%
Ferrari
Italy
83.6%
Honda
Japan
83.4%
BMW
Germany
83%
Suzuki
Japan
82.9%
Mercedes Benz
Germany
82.9%
Ford
USA
82.7%
Lamborghini
Italy
82.6%
Nissan
Japan
82.5%
Mitsubishi
Japan
82.4%
Audi
Germany
82.2%
Chevrolet
USA
82%
Cadillac
USA
81.2%
Jeep
USA
81%
Chrysler
USA
80.8%
Dodge
USA
80.7%
Porsche
Germany
79.9%
Mazda
Japan
79.2%
Rolls Royce
UK
79.2%
Fiat
Italy
79.1%
Maserati
Italy
78.8%
Aston Martin
UK
78.8%
Bentley
UK
78.5%
Jaguar
UK
78.3%
Alfa Romeo
Italy
78.2%
Land Rover
UK
77.9%
Subaru
Japan
77.8%
Pontiac
USA
77.6%
Buick
USA
77.4%
Peugeot
France
76.9%
Renault
France
76.7%
Mini
UK
76%
Mercury
USA
74.7%
Mclaren
UK
74.3%
Car Manufacturer
Country
% Correct
Citroen
France
73.1%
Volvo
Sweden
72.9%
Hyundai
South Korea
72.7%
Pagani
Italy
72.5%
Daihatsu
Japan
72.5%
Saturn
USA
72.4%
Lotus
UK
72.1%
Bristol
UK
71.2%
Lexus
USA
70.8%
Kia
South Korea
70.7%
Infiniti
USA
68.5%
Morgan
UK
68.4%
MG
UK
68%
Saab
Sweden
67.7%
Acura
USA
67.3%
Caterham
UK
66.3%
Wiesmann
Germany
64.9%
Noble
UK
63.7%
SsangYong
South Korea
63.4%
Lancia
Italy
62.4%
TVR
UK
60.2%
Bugatti
France
59.5%
Koenigsegg
Sweden
58.1%
Ariel
UK
57.9%
Saleen
USA
57.6%
Tata
India
53.7%
SSC
USA
51.7%
Roush
USA
51.2%
Seat
Spain
51.2%
Mosler
USA
48.8%
Ultima
UK
47.8%
Ginetta
UK
43.2%
Proton
Malaysia
25.1%
Zenvo
Denmark
18.4%
Quiz Playlist
Details
Report
Send in Message
Add To Playlist
Classic:
Type in answers that appear in a list
Forced Order:
Answers have to be entered in order
Random Order:
Randomize order of answers
Last Updated: Feb 16, 2017
Quiz Scoreboard
CHALLENGE
Sign Up to Join the Scoreboard
Show All
Scores
Hide
Comments
May contain spoilers
Recently Published
1-10 Letter E Words III
by El_Dandy
Language
2m
Street Fighter Characters
by Artimus82
Gaming
60s
College Basketball Coaching Resumes
by pancakes188
Sports
9m
More to Explore
Quiz From the Vault
Featured Blog Post
Where Did the Easter Bunny Come From?
hide this ad
You Might Also Like...
Tags
Cars Quiz
Company Quiz
Country Quiz
Nation Quiz
car
Car Brands
Manufacturer
Started
Today's Top Quizzes in Miscellaneous
Browse Miscellaneous
hide this ad
Today's Top Quizzes in Country
Browse Country
Top Contributed Quizzes in Miscellaneous
1
5-to-1: Fast Food
2
The JOE quick-fire general knowledge quiz: Day 174
3
The JOE quick-fire general knowledge quiz: Day 173
4
5-to-1: Cocktails
5
The JOE quick-fire general knowledge quiz: Day 172
6
9x9 Crossword: Disney Movie Titles
7
9x9 Crossword: Charlie and the Chocolate Factory
8
Sunday Crossword: Famous Bodies of Water
9
The JOE quick-fire general knowledge quiz: Day 171
10
9x9 Crossword: Flags
Explore More
Trending Topics
NBA
Marvel
Disney
Crossword
Kpop
Harry Potter
Anime
The Office
WWE
Country
Pokémon
NFL
Song
Puzzle
Soccer
hide this ad
More By:
aust
Quiz
Plays
Rating
Category
Featured
Created
Dwarfed Countries
95,825
4.45
Geography
Aug 20, 2011
Car companies by country
7,570
3.92
Miscellaneous
Jul 24, 2011
F1 constructors champions
1,860
3.20
Sports
Nov 27, 2010
Countries with small Capital Cities
756
4.42
Geography
Aug 14, 2011
Sporcle user nationality
719
2.97
Geography
Aug 18, 2011
Go to Creator's Profile
Score Distribution
Quiz Creator Spotlight
aust
Follow
Send a Message
Quizzes Created
-
Created Quiz Play Count
-
More By This Creator
Popular Quizzes Today
1
Find the US States - No Outlines Minefield
2
Find the Countries of Europe - No Outlines Minefield
3
The Countries of the World
4
Find the US States
5
Risky Map Clicking: Biggest States A-Z
6
US States
7
Popular People in 1961
8
Movies - When Are They Set?
More Miscellaneous Quizzes
Winged Logos
Published
Trending Quizzes
Risky Map Clicking: Least Populous States A-Z
USA Borders Longest to Shortest
1-10 Letter G Words
1-10 Letter F Words
Countries of the World: 200 Million BC
Recently Updated
Beyoncé Albums
pecheneg
Leaping Animals
pecheneg
Reality TV Shows (A-Z)
bhenderson79
Rickey Henderson's Hall of Fame Teammates
pecheneg
Champions League XIs: Arsenal
pecheneg
Quick Pick: Celebrities in WWE's Hall of Fame
aduchscher
A-Z Keypad Blitz II
pecheneg
Multiple Oscar Actors
pecheneg
Mystery Phrase Blitz: Oscar 'Best Actors'
pecheneg
F. Scott Fitzgerald Novels
LTH
Trending Topics
Marvel
NBA
Harry Potter
Anime
Disney
Crossword
Kpop
NFL
WWE
Soccer
The Office
Pokémon
Country
Puzzle
Song
Your Account Isn't Verified!
In order to create a playlist on Sporcle, you need to verify the email address you used during registration. Go to your
Sporcle Settings
to finish the process.
Report this User
Report this user for behavior that violates our
Community Guidelines
.
Details:
Send Report
Go to the Sporcle.com Mobile Site →
Comments